अज्ञेय : (Record no. 113032)
[ view plain ]
| 000 -LEADER | |
|---|---|
| fixed length control field | 01103nam a22002537a 4500 |
| 005 - DATE AND TIME OF LATEST TRANSACTION | |
| control field | 20170124102947.0 |
| 010 ## - LIBRARY OF CONGRESS CONTROL NUMBER | |
| LC control number | A-982247 |
| 020 ## - INTERNATIONAL STANDARD BOOK NUMBER | |
| Terms of availability | 100.00 |
| International Standard Book Number | 8173152950 |
| 035 ## - SYSTEM CONTROL NUMBER | |
| System control number | A-982247 |
| 037 ## - SOURCE OF ACQUISITION | |
| Source of stock number/acquisition | Cen Lib/Ret |
| 040 ## - CATALOGING SOURCE | |
| Original cataloging agency | DPL |
| Language of cataloging | HN |
| 082 ## - DEWEY DECIMAL CLASSIFICATION NUMBER | |
| Classification number | 820.08 |
| Item number | शुक्लश्री |
| 100 ## - MAIN ENTRY--PERSONAL NAME | |
| Personal name | शुक्ल, श्रीलाल |
| 9 (RLIN) | 50283 |
| 245 ## - TITLE STATEMENT | |
| Title | अज्ञेय : |
| Statement of responsibility, etc | श्रीलाल शुक्ल |
| Remainder of title | कुछ रंग,कुछ राग / |
| 246 ## - VARYING FORM OF TITLE | |
| Title proper/short title | Agyey : kuch rang,kuch raag / |
| Remainder of title | by Shrilal Shukl |
| 260 ## - PUBLICATION, DISTRIBUTION, ETC. (IMPRINT) | |
| Place of publication, distribution, etc | नई दिल्ली |
| Name of publisher, distributor, etc | प्रभात प्रकाशन |
| Date of publication, distribution, etc | 1999 |
| 270 ## - ADDRESS | |
| City | नई दिल्ली |
| Address | 4/19, आसफ अली रोड |
| Postal code | 110002 |
| 300 ## - PHYSICAL DESCRIPTION | |
| Extent | 98पृ. |
| Dimensions | 21सेमी (सजिल्द) |
| 650 ## - SUBJECT ADDED ENTRY--TOPICAL TERM | |
| Topical term or geographic name as entry element | हिन्दी -- साहित्य |
| 9 (RLIN) | 50284 |
| 650 ## - SUBJECT ADDED ENTRY--TOPICAL TERM | |
| Topical term or geographic name as entry element | हिन्दी -- कहानियां -- अज्ञेय |
| 9 (RLIN) | 50285 |
| 650 ## - SUBJECT ADDED ENTRY--TOPICAL TERM | |
| Topical term or geographic name as entry element | Hindi -- literature |
| 9 (RLIN) | 50286 |
| 650 ## - SUBJECT ADDED ENTRY--TOPICAL TERM | |
| Topical term or geographic name as entry element | Hindi - Stories -- Agyey |
| 9 (RLIN) | 50287 |
| 942 ## - ADDED ENTRY ELEMENTS (KOHA) | |
| Source of classification or shelving scheme | Dewey Decimal Classification |
| Koha item type | Hindi Books |
| Classification part | 820.08 |
| Call number suffix | शुक्लश्री |
| Withdrawn status | Lost status | Damaged status | Not for loan | Home library | Current library | Date acquired | Source of acquisition | Cost, normal purchase price | Total Checkouts | Full call number | Barcode | Date last seen | Date checked out | Copy number | Cost, replacement price | Price effective from | Koha item type |
|---|---|---|---|---|---|---|---|---|---|---|---|---|---|---|---|---|---|
| Central Library | Central Library | 11/08/2015 | Cen Lib/Ret | 100.00 | 1 | 820.08 शुक्लश्री | A-982247 | 12/09/2017 | 29/08/2017 | 1 | 100.00 | 11/08/2015 | Hindi Books |
